[Event "Santarem Regional Norte"]
[Site "Santarem"]
[Date "2015.09.06"]
[Round "4.3"]
[White "Dos Santos, Jailson Clelton Dan"]
[Black "Farias, Igor Borge Cardoso"]
[Result "0-1"]
[WhiteElo "1800"]
[BlackElo "1895"]
[PlyCount "62"]
[EventDate "2015.09.05"]
[EventType "swiss"]
[EventRounds "6"]
[EventCountry "BRA"]
[SourceTitle "EXT 2022"]
[Source "ChessBase"]
[SourceDate "2021.10.06"]
[SourceVersion "1"]
[SourceVersionDate "2021.10.06"]
[SourceQuality "1"]

1. e4 c5 2. Nf3 d6 3. h3 Nc6 4. Bb5 Bd7 5. 0-0 a6 6. Bc4 b5 7. Bb3 c4 8. Bxc4 bxc4 9. Nc3 Nf6 10. d4 cxd3 11. cxd3 e5 12. Bg5 Be7 13. a3 0-0 14. Rc1 Rc8 15. Re1 h6 16. Bh4 Be6 17. b4 Qb6 18. Qa4 Nd4 19. Bxf6 Bxf6 20. Nxd4 Qxd4 21. Nd5 Bxd5 22. exd5 Rxc1 23. Rxc1 Qxd3 24. Rc6 e4 25. Qxa6 Be5 26. Qxd3 exd3 27. Kf1 Re8 28. Rc1 d2 29. Re1 dxe1Q+ 30. Kxe1 Bb2+ 31. Kd2 Bxa3 0-1